UBT Library

Spectrometric identification of organic compounds (Record no. 43821)

000 -LEADER
fixed length control field 00637cam a2200217 4500
001 - CONTROL NUMBER
control field 315603
005 - DATE AND TIME OF LATEST TRANSACTION
control field 20180301070204.0
008 - FIXED-LENGTH DATA ELEMENTS--GENERAL INFORMATION
fixed length control field 740221s1974 nyua b 001 0 eng
010 ## - LIBRARY OF CONGRESS CONTROL NUMBER
LC control number 74003008
020 ## - INTERNATIONAL STANDARD BOOK NUMBER
International Standard Book Number 0471791776
040 ## - CATALOGING SOURCE
Original cataloging agency DLC
Transcribing agency DLC
Modifying agency DLC
041 ## - LANGUAGE CODE
Language code of text/sound track or separate title eng
080 ## - UNIVERSAL DECIMAL CLASSIFICATION NUMBER
Universal Decimal Classification number 547.34/6 ROB
082 00 - DEWEY DECIMAL CLASSIFICATION NUMBER
Classification number 547.34/6 ROB
100 1# - Rafti
Rafti 11
101 ## - Shkurtesa
Shkurtesa KIM
245 10 - TITLE STATEMENT
Title Spectrometric identification of organic compounds
Statement of responsibility, etc [by] Robert M. Silverstein, G. Clayton Bassler [and] Terence C. Morrill.
504 ## - BIBLIOGRAPHY, ETC. NOTE
Bibliography, etc Includes bibliographical references.
906 ## - LOCAL DATA ELEMENT F, LDF (RLIN)
a 7
b cbc
c orignew
d 1
e ocip
f 19
g y-gencatlg
942 ## - ADDED ENTRY ELEMENTS (KOHA)
Source of classification or shelving scheme
Item type Books
Holdings
Withdrawn status Lost status Source of classification or shelving scheme Damaged status Not for loan Collection code Permanent location Current location Shelving location Date acquired Total Checkouts Full call number Barcode Date last seen Price effective from Koha item type
          Koleksioni i përgjithshem UBT - Lipjan UBT - Lipjan Koleksioni i përgjithshem 03/01/2018   547.34/6 ROB `002-3000381 03/01/2018 03/01/2018 Books
UBT Library © 2015-2024. All rights reserved University Education for Business and Technology